| 000 | nam a22 7a 4500 | ||
|---|---|---|---|
| 999 |
_c330543 _d330543 |
||
| 003 | NUST | ||
| 005 | 20170719155418.0 | ||
| 008 | 170719b xxu||||| |||| 00| 0 eng d | ||
| 020 | _a9789380090122 | ||
| 040 | _c0 | ||
| 082 | _a621.3126 PEN | ||
| 100 |
_aPendse,A.R _93440 |
||
| 245 |
_aEnergy Storage Science and Technology _cA.R.Pendse |
||
| 260 |
_aNew Delhi _bSBS Publishers & Distributors _c2011 |
||
| 300 | _a372p. | ||
| 500 | _aH.B | ||
| 942 |
_2ddc _cBK _kIESE |
||